| 000 | 00890nam a2200253Ia 4500 | ||
|---|---|---|---|
| 003 | OSt | ||
| 005 | 20221005113355.0 | ||
| 006 | a|||||r|||| 00| 0 | ||
| 007 | ta | ||
| 008 | 221004b |||||||| |||| 00| 0 pan d | ||
| 020 | _cINR 350.00 | ||
| 024 | _a68311 | ||
| 037 |
_bSP/5356, 25/02/2020, Star Publications Pvt. Ltd. _cTextual |
||
| 040 |
_aCRL _cCRL _bpan |
||
| 041 |
_2pan _apan |
||
| 082 | _aO152,3N31,GB, 153R0 | ||
| 100 |
_aਪਗਾਰੇ, Fਰਦ, ਂਚ. _9624508 |
||
| 245 | 0 | _aਗੁਲਾਰਾ ਬੇਗਮ | |
| 260 |
_aਮਾਨਸਾ _bਉਡਾਨ ਪਬਲੀਕੇFਨਗ਼ ਭਾਰਤ _c2020 |
||
| 300 |
_a296ਪ੍ਰ0 _ccm. |
||
| 650 | _aਹਿੰਦੀ ਸਾਹਿਤ | ||
| 942 |
_hO152,3N31,GB, 153R0 _cTEXL _2cc |
||
| 999 |
_c1027963 _d1027963 |
||